Statistics for 10 Countries with the Biggest Forex Reserves

Click here to take the quiz!

General Stats

  • This quiz has been taken 28 times
  • The average score is 7 of 10

Answer Stats

Millions of US$Country% Correct
3,091,459China
92%
1,368,567Japan
88%
404,000South Korea
80%
487,039India
72%
562,900Russia
68%
474,171Saudi Arabia
68%
339,317Brazil
64%
823,765Switzerland
52%
481,782Taiwan
48%
301,773Singapore
44%

Score Distribution

Percentile by Number Answered

Percent of People with Each Score

Your Score History

You have not taken this quiz